00433 2200169 4500001002100000005001500021008004100036035001900077041000700096082000800103090001400111100001600125245002000141260004100161300001800202650004300220INLIS00000000001627020241224115107241224||||||||| | ||| |||| || |  0010-1224016270 aid0 a630 a630 RIS b0 aRismunandar00aBertanam Pisang aBandungbSinar Baru Algensindoc2001 a92hlm;14x21cm 0aPertanian Dan Teknologi Yang Berkaitan